01402nam a2200289 i 450000500170000000800410001701500170005802000180007504000350009304100080012804300120013604400070014808200200015524502420017526001090041730000300052650000280055665000760058465000720066065000750073265000680080770000300087594200150090594900200092099900170094095201550095720160115054110.0111014s2007 ck a gr 00010 spa d ack-2007-xxxx a9789587018486 aCO-BoBLA cCO-BoBLAdCO-BoIAVH0 aspa as-ck--- ack04a333.75153bR43r00aRestauración ecológica del bosque altoandino : bestudios diagnósticos y experimentales en los alrededores del Embalse de Chisacá, localidad de Usme, Bogotá D.C. / ceditores Orlando Vargas, Grupo de Restauración Ecológica. aBogotá : bUniversidad Nacional de Colombia. Facultad de Ciencias Departamento de Biología : c2007. a516 p. : bil. ; c28 cm. aIncluye bibliografía.14aEcología de páramosz Embalse de Chisacá (Cundinamarca, Colombia)24aEcología forestalz Embalse de Chisacá (Cundinamarca, Colombia)24aEcología de embalsesz Embalse de Chisacá (Cundinamarca, Colombia)24aReforestaciónz Embalse de Chisacá (Cundinamarca, Colombia)1 aVargas, Orlando,eeditor. 2ddccLIBRO ac bc c17956d17956 00102ddc4070IINV2017aBogotabBogotad2016-01-13eInstitutog39000.00l0oLB-333.75153 R43rp042170r2016-01-13 00:00:00tEj. 1w2016-01-13yLIBRO